00401nam a2200145Ia 4500008004100000020001800041041000800059082001700067100005000084245002900134250000600163260006500169300001200234650000900246210716s2017 xx 000 0 und d a9789352135134 aeng a005.132 PATR aPatil, Rajendra B;Dand, Hiren;Dahake, Rupali. aPractical approach to R. a1 aNew DelhibShroff Publishers and Distributors Pvt Ltdc2017 axiv,224 aNone